Normal view
MARC view
- Ikram Mughal, Mehwish
Entry Personal Name
001 - CONTROL NUMBER
- control field: 123023
003 - CONTROL NUMBER IDENTIFIER
- control field: NUST
005 - DATE AND TIME OF LATEST TRANSACTION
- control field: 20240529101554.0
008 - FIXED-LENGTH DATA ELEMENTS
- fixed length control field: 240529|| aca||aabn | a|a d
040 ## - CATALOGING SOURCE
- Original cataloging agency: NUST
- Transcribing agency: NUST
100 ## - HEADING--PERSONAL NAME
- Personal name: Ikram Mughal, Mehwish
670 ## - SOURCE DATA FOUND
- Source citation: Work cat.: (NUST): Ikram Mughal, Mehwish, A Novel Approach to Breast Tumor Classification /
